000 00499nam a2200193Ia 4500
003 GCL
008 140319s9999 xx 000 0 eng d
040 _aGCL /
_cGCL
082 0 4 _aCH
_b940.27
_bV V
100 1 _aIOCL DERVEN
245 1 0 _aVOYAGE DANS L'EUROPE DE LA RENAISSANCE /
_cIOCL DERVEN
700 1 _aVALERIO, MARCHETTI
260 _a[S.N] :
_bHACHETTE JEUNESSE ،
_c1990
300 _a68 P
650 0 4 _aEUROPE - HISTORY
650 0 4 _aCHILDREN
650 0 4 _aHISTORY
942 _2ddc
_cBK
999 _c15097
_d15097